| 000 | 00987cam a2200277 i 4500 | ||
|---|---|---|---|
| 005 | 20191224041609.0 | ||
| 008 | 140303t2008 ck ado gr|||| 00| 0 spa d | ||
| 020 | _a9789586982092 | ||
| 040 |
_aCO-BoIAVH _cCO-BoIAVH |
||
| 041 | _aspa | ||
| 044 | _ack | ||
| 082 | 0 | 4 |
_a615.321 _bC11p2 |
| 110 | 2 | _aConvenio Andrés Bello | |
| 245 | 1 | 0 |
_aPlantas medicinales Iberoamericanas / _cConvenio Andrés Bello ; Mahabir P. Gupta, editor. |
| 260 | 3 |
_aBogotá : _bConvenio Andrés Bello, _c2008. |
|
| 300 |
_a1003 páginas : _bilustraciones, tablas y gráficas ; _c24 cm. |
||
| 490 | 0 | 0 |
_aSerie Ciencia y Tecnología ; _v158 |
| 504 | _aIncluye bibliografía al final de cada capitulo. | ||
| 650 | 1 | 4 | _aEtnobotánica |
| 650 | 2 | 4 |
_aPlantas naturales _xDescripciones taxonómicas |
| 650 | 2 | 4 | _aBotánica médica |
| 650 | 2 | 4 | _aPlantas medicinales |
| 650 | 2 | 4 | _aBioquímica vegetal |
| 700 | 1 |
_aGupta, Mahabir P., _eeditor. |
|
| 942 |
_cLIBRO _2ddc |
||
| 999 |
_c1622 _d1622 |
||